|
|
|
|
| LEADER |
01225nam a2200265 a 4500 |
| 001 |
13464617 |
| 008 |
100607s2003 bg a 000 0aben d |
| 010 |
|
|
|a \\2003318792
|
| 020 |
|
|
|a 9844590671
|
| 040 |
|
|
|a DLC
|c DLC
|d BD-DhAAL
|
| 082 |
0 |
0 |
|a 971/.0072024
|2 22
|
| 100 |
1 |
|
|a মামুন, মুনতাসীর,
|d ১৯৫১-
|
| 245 |
1 |
0 |
|a আমার ছেলেবেলা /
|c মুনতাসীর মামুন.
|
| 260 |
|
|
|a ঢাকা :
|b সুবর্ণ,
|c ২০০৩.
|
| 300 |
|
|
|a ৮৬ পৃ. :
|b চিত্র ;
|c ২২ সে.মি.
|
| 546 |
|
|
|a In Bengali.
|
| 520 |
|
|
|a Autobiographical account of childhood and youth of a historian, university teacher, and Bengali author from Bangladesh.
|
| 541 |
1 |
|
|e 00020094
|
| 600 |
1 |
0 |
|a Mamoon, Muntassir,
|d 1951-
|x Childhood and youth.
|
| 650 |
|
0 |
|a Historians
|z Bangladesh
|v Biography.
|
| 650 |
|
0 |
|a College teachers
|z Bangladesh
|v Biography.
|
| 650 |
|
0 |
|a Authors, Bengali
|z Bangladesh
|v Biography.
|
| 852 |
4 |
|
|a Ayesha Abed Library
|j General Shelf
|
| 999 |
|
|
|c 8847
|d 8847
|
| 952 |
|
|
|0 0
|1 0
|2 ddc
|4 0
|6 971_000000000000000__0072024_MAM_2003
|7 0
|9 10775
|a BRACUL
|b BRACUL
|c GEN
|d 2010-06-09
|l 4
|m 9
|o 971.0072024 MAM
|p 3010020094
|r 2019-03-25
|s 2019-03-18
|t 1
|w 2010-06-09
|y BK
|